000 00412nam a2200181Ia 4500
001 611
005 20260306140530.0
008 260306t1996||||xx |||||||||||||| ||spa||
041 _aESP
082 _a128
_bP666
100 _aPopper, Karl R.
_eAUT
245 0 _aEn busca de un mundo mejor
260 _c1996
300 _a314 páginas :
_c23 cm.
650 _aGEN
654 _aCHU
942 _cLIB
_dJUS
_fJUS
_2ddc
_n
999 _c611
_d611